[Event "Saarland-ch D"]
[Site "Saarlouis Steinrausch"]
[Date "2005.03.24"]
[Round "7"]
[White "Kircher, Yves"]
[Black "Jungen, Philipp"]
[Result "0-1"]
[WhiteElo "1112"]
[BlackElo "1165"]
[PlyCount "108"]
[EventDate "2005.03.18"]
[EventType "swiss"]
[EventRounds "9"]
[EventCountry "GER"]
[SourceTitle "EXT 2012"]
[Source "ChessBase"]
[SourceDate "2011.11.24"]
[SourceVersion "1"]
[SourceVersionDate "2011.11.24"]
[SourceQuality "1"]

1. d4 d5 2. c4 dxc4 3. e4 Bg4 4. Qxg4 Nf6 5. Qe2 e6 6. Nf3 Nc6 7. Qxc4 Bb4+ 8. Nc3 0-0 9. a3 Ba5 10. Bg5 h6 11. Bh4 g5 12. Bg3 Nxe4 13. b4 Nxg3 14. hxg3 Bb6 15. Rd1 Qf6 16. d5 Ne5 17. Qe4 Ng6 18. Na4 Rfe8 19. d6 cxd6 20. Nxb6 axb6 21. Qd4 e5 22. Qxd6 Re6 23. Qd2 e4 24. Nd4 Rd8 25. Qe3 Red6 26. Rxh6 Rxd4 27. Rxd4 Rxd4 28. f4 Rd7 29. Bc4 Qa1+ 30. Kf2 Qb2+ 31. Kg1 Rd1+ 32. Kh2 Qb1 33. Rxg6+ Kf8 34. g4 fxg6 35. f5 Rh1+ 36. Kg3 Qe1+ 37. Qxe1 Rxe1 38. Kf2 Ra1 39. Ke3 gxf5 40. gxf5 Ke7 41. Kxe4 Kf6 42. Be6 Rxa3 43. b5 Rc3 44. g4 Rc5 45. Bd5 Rxb5 46. Bxb7 Rc5 47. Kd4 Rc7 48. Ba6 Rc1 49. Kd5 Rg1 50. Be2 Rg2 51. Bf3 Rf2 52. Be2 Rxe2 53. Kc6 Re4 54. Kxb6 Rxg4 0-1

[Event "Saarland-ch D"]
[Site "Saarlouis Steinrausch"]
[Date "2005.03.23"]
[Round "6"]
[White "Jungen, Philipp"]
[Black "Klauck, Thorsten"]
[Result "1-0"]
[WhiteElo "1165"]
[BlackElo "897"]
[PlyCount "59"]
[EventDate "2005.03.18"]
[EventType "swiss"]
[EventRounds "9"]
[EventCountry "GER"]
[SourceTitle "EXT 2012"]
[Source "ChessBase"]
[SourceDate "2011.11.24"]
[SourceVersion "1"]
[SourceVersionDate "2011.11.24"]
[SourceQuality "1"]

1. e4 e5 2. Nf3 Nc6 3. Bc4 Nf6 4. Nc3 Bb4 5. d3 Bxc3+ 6. bxc3 0-0 7. Bg5 h6 8. Bh4 d6 9. h3 Be6 10. Bb3 Qe7 11. 0-0 a5 12. a4 b6 13. d4 exd4 14. cxd4 g5 15. Bxg5 hxg5 16. d5 Nxe4 17. dxe6 fxe6 18. Re1 d5 19. Qe2 Rad8 20. Qe3 Rf5 21. Re2 Rf4 22. Nd2 d4 23. Qd3 Nb4 24. Qc4 Nxd2 25. Rxd2 Rd6 26. Qe2 Kg7 27. Qe5+ Kf7 28. g3 Rf5 29. Qe4 Nc6 30. Qxf5+ 1-0

[Event "Saarland-ch D"]
[Site "Saarlouis Steinrausch"]
[Date "2005.03.20"]
[Round "3"]
[White "Mailander, Jennifer"]
[Black "Jungen, Philipp"]
[Result "0-1"]
[WhiteElo "1093"]
[BlackElo "1165"]
[PlyCount "121"]
[EventDate "2005.03.18"]
[EventType "swiss"]
[EventRounds "9"]
[EventCountry "GER"]
[SourceTitle "EXT 2012"]
[Source "ChessBase"]
[SourceDate "2011.11.24"]
[SourceVersion "1"]
[SourceVersionDate "2011.11.24"]
[SourceQuality "1"]

1. e4 e5 2. Nf3 Nc6 3. Bc4 h6 4. Nc3 Nf6 5. d3 Bc5 6. 0-0 d6 7. Nd5 Bg4 8. Be3 Nd4 9. Bxd4 Bxd4 10. c3 Bb6 11. Nxb6 axb6 12. Qe2 c6 13. a4 0-0 14. Qe3 Re8 15. b4 Re7 16. Nh4 Be6 17. Bxe6 Rxe6 18. Nf5 Nd7 19. f4 Rg6 20. fxe5 Nxe5 21. a5 b5 22. Qd4 Kh8 23. Rad1 Qg5 24. Qf2 Re8 25. Ng3 Rf6 26. Qe2 Ree6 27. Rxf6 Rxf6 28. Rf1 Rxf1+ 29. Kxf1 Qc1+ 30. Qe1 Nxd3 31. Qxc1 Nxc1 32. Ke1 Nd3+ 33. Ke2 Ne5 34. Nf5 Nc4 35. Ne3 Ne5 36. Nf5 Nc4 37. Ne3 Nxe3 38. Kxe3 Kg8 39. Kd4 Kf8 40. g3 Ke7 41. g4 Ke6 42. h4 g6 43. h5 g5 44. c4 Kd7 45. c5 Ke6 46. cxd6 Kxd6 47. Kd3 Ke5 48. Ke3 Kd6 49. Kd4 c5+ 50. bxc5+ Kc6 51. Kc3 Kxc5 52. Kb3 b4 53. Kc2 Kc4 54. Kb2 Kb5 55. Kc2 Kc4 56. Kd2 b3 57. Kd1 Kc3 58. Kc1 b2+ 59. Kb1 Kb3 60. a6 bxa6 61. e5 0-1